| 000 | 00421nam a2200157Ia 4500 | ||
|---|---|---|---|
| 008 | 231217s9999 xx 000 0 und d | ||
| 020 | _a8178815281 | ||
| 041 | _aEnglish | ||
| 082 | _a658.3142 RAM;1 R | ||
| 100 | _aRamani, V V ed. | ||
| 245 | 0 | _aEmployee rewards and recognition : an introduction | |
| 260 |
_c2005 _bIcfai _aHyderabad |
||
| 300 | _ax, 191 | ||
| 650 | _aEmployee,rewards,recognition | ||
| 942 | _cAA | ||
| 999 |
_c187740 _d187740 |
||